1567 1026 1655 1410 1097 1714 1525 1228 1258 1918 1794 1211 1215 1197 1722 1068 1246 1712 1099 1560 1075 1219 1744 1057 1303 1266 1690 1930 1406 1960 1878 1416 1123 1023 1249 1419 1858 1926 1085 1602 1957 1485 1345 1551 1542 1879 1539 1542 1422 1885 1149 1997 1941 1608 1905 1414 1077 1509 1313 1173 1571 1273 1346 1771 1381 1441 1959 1537 1360 1925 1354 1127 1236 1854 1696 1403 1078 1375 1492 1194 1802 1402 1073 1659 1083 1700 1922 1870 1463 1708 1750 1425 1787 1254 1948 1151 1084 1509 1493 BCNSPRNW ULIB Ver.6.0+V

เปลี่ยนเป็นภาษาไทย

Change to English
 แสดงรายละเอียดบรรณานุกรม
  กลับหน้าหลัก

Brief Record : Get Marc (ISO 2709) : E-mail record : QR code < ปิดหน้าต่าง
LEADER : 00000nas 2200000uu 4500
001    13399122960
003     ULIB
008    020711sมปป. th a 000 0 tha d
022    08575215
110    กองสนับสนุนสุขภาพภาคประชาชน
245    วารสารสุขภาพภาคประชาชนภาคเหนือ(วิทยาเขตนครสวรรค์)/^cกองสนับสนุนสุขภาพภาคประชาชน
260    นครสวรรค์ :^bทิศทางการพิมพ์,^cมปป.
310    ^aรายสองเดือน
850 ^a ULIB:campus^bปีที่ 25 ฉบับที่ 4 ;ปีที่ 26 ฉบับที่ 1 ;ปีที่ 27 ฉบับที่ 4 ฉ.1 ;ปีที่ 28 ฉบับที่ 1 ฉ.1 ;ปีที่ 29 ฉบับที่ 2 ฉ.1
850 ^a ULIB^bปีที่ 29 ฉบับที่ 3 ฉ.1
945    ^p0^l0^i800705
945    ^p0^l0^i800929
945    ^p0^l0^i801469
945    ^p0^l0^i801589
945    ^p0^l0^i802002
945    ^p0^l0^i904725
999    ^aทศพร เกษรทอง
รายการนี้ยังไม่มีแท็ก
คุณยังไม่ได้ล็อกอิน คุณสามารถมีกิจกรรมร่วมกับเว็บไซต์ได้ แต่ต้องล็อกอินก่อน ::
  ล็อกอิน

รายการสื่อสารสนเทศ (วารสาร)

ดูแบบ: กล่อง รายการ
ARRIVED
ปีที่ 25 ฉบับที่ 4
สถานที่: ห้องสมุดวิทยาเขตนครสวรรค์ >วารสาร
ARRIVED
ปีที่ 26 ฉบับที่ 1
สถานที่: ห้องสมุดวิทยาเขตนครสวรรค์ >วารสาร
ARRIVED
ปีที่ 27 ฉบับที่ 4 ฉ.1
สถานที่: ห้องสมุดวิทยาเขตนครสวรรค์ >วารสาร
ARRIVED
ปีที่ 28 ฉบับที่ 1 ฉ.1
สถานที่: ห้องสมุดวิทยาเขตนครสวรรค์ >วารสาร
ARRIVED
ปีที่ 29 ฉบับที่ 2 ฉ.1
สถานที่: ห้องสมุดวิทยาเขตนครสวรรค์ >วารสาร
ARRIVED
ปีที่ 29 ฉบับที่ 3 ฉ.1
สถานที่: ห้องสมุดวิทยาเขตสวรรค์ประชารักษ์ >วารสาร

BibComment


ยังไม่เคยถูกคอมเมนท์

คอมเมนท์ทรัพยากรรายการนี้
  คอมเมนท์: วารสารสุขภาพภาคปร..


 Copyright 2026. Bcnsprnw @Library